00621 2200229 4500001002100000005001500021035002000036007000300056008004100059020001800100082001000118084001600128100002000144245009500164250000600259260003300265300002800298700002300326700001400349650001100363990001700374INLIS00000000000152120260520100651 a0010-1123000152ta260520 c 0 ind  a979-534-574-2 a643.3 a643.3 SEY r0 aSeymour, Claire1 aRahasia fdi balik Kompor /cClaire Seymour ; alih bahasa, Indri Yuli Astuti dan Wulandari a- aBandung :bPakar Raya,c2006 a32 :bilus. ;c28 cme-0 aIndri Yuli Astuti0 aWulandari 4aKompor a00069/R/2007